00517nam a2200157 a 4500008004100000020001500041050001600056100002000072245012600092260004300218300002400261350000900285500001700294650001000311650003800321120416s1998 ||||||||||||||||| || u a9780290192 aHG 3877 Uma aUma, Idika Kalu10aNigeria's foreign exchange markets Nigeria's foreign exchange markets: management & development : an integrated insight / aIbadan :bSpectrum Books Limitedc1998 axviii, 323p. : ill. a0.00 aBibliography aMONEY aForeign exchange market - Nigeria